000 00400pab a2200169 454500
008 180718b2013 xxu||||| |||| 00| 0 eng d
100 _aDas, B.C.
245 _aNational dairy plan: Towards self sufficiency milk production
260 _c2013
300 _ap.35-37.
362 _aSep
650 _aDairy industry
650 _aMilk
773 _aKurukshetra
908 _aN
909 _a101662
999 _c101660
_d101660